English Musicians By Song Titles #1 - Statistics

General Stats
  • This quiz has been taken 186 times
  • The average score is 9 of 15
Answer Stats
Song Year Artist % Correct
"Hey Jude" 1968 The Beatles
92%
"Hello" 2015 Adele
89%
"Shape of You" 2017 Ed Sheeran
87%
"I Want to Break Free" 1984 Queen
83%
"I'm Still Standing" 1985 Elton John
81%
"Champagne Supernova" 1995 Oasis
68%
"Running Up That Hill" 1985 Kate Bush
66%
"Price Tag" 2011 Jessie J
58%
"Best Song Ever" 2013 One Direction
58%
"New Rules" 2017 Dua Lipa
52%
"Clint Eastwood" 2001 Gorillaz
46%
"China Girl" 1983 David Bowie
45%
"Troublemaker" 2012 Olly Murs
37%
"Jesus to a Child" 1993 George Michael
27%
"Shut Up" 2015 Stormzy
12%
No matching quizzes found
Score Distribution
Percent of People with Each Score
Percentile by Number Answered
Your Score History
You have not taken this quiz